00381nam a2200109Ia 4500008004100000020002200041041001200063100008000075245006300155260003200218650002100250231221s9999 xx 000 0 und d a978-0-387-89022-7 aEnglish aPaula Kotzé, William Wong, Joaquim Jorge, Alan Dix, Paula Alexandra Silva 0aCreativity and HCI: From Experience to Design in Education c2009bSpringer USaNew York aComputer Science